000 01327cam a22003857a 4500
003 CHAP
005 20220329141133.0
008 971010s1976 r 00010 d
010 _a63195
011 _a64167
035 _a69414
040 _cCHAP
090 _aFolleto 6668
100 0 0 _aCampero Célis, Antonio.
_917992
245 1 0 _aQuímica de metales y aleaciones
260 _aMéxico, D. F. :
_bANUIES,
_c1976
300 _a110 p.
_b: ilus. ; gráfs.
490 0 _aTemas básicos. Química
590 _aBATCH-UPD
_b10
_c20130109
_lUCH01
_h2315
590 _aBATCH-UPD
_b10
_c20130110
_lUCH01
_h0313
590 _aBATCH-UPD
_b10
_c20130110
_lUCH01
_h1515
590 _aBATCH-UPD
_b10
_c20130409
_lUCH01
_h1836
590 _aBATCH-UPD
_b10
_c20130409
_lUCH01
_h2346
590 _aBATCH-UPD
_b10
_c20130914
_lUCH01
_h0420
590 _aCONVERSION
_b10
_c20130109
_lUCH01
_h1334
650 1 4 _aAleaciones.
_93732
650 1 4 _aMetales.
_975163
710 0 _aAsociación Nacional de Universidades e Institutos de Enseñanza Superior. México.
_98095
830 0 _aTemas básicos. Química
_9112135
901 _aBK
942 _cFOLL
949 _aFolleto 6668
_bBC
_cFOLL
_d-54193
_eTS1
_i69414
_si
949 _aFolleto 6668
_bBC
_cFOLL
_d-54194
_eTS2
_fc.2
_i69414
_si
949 _aFolleto 6668
_bBC
_cFOLL
_d-54195
_eTS2
_fc.3
_i69414
_si
999 _c63195
_d63195